00736nam a2200217Ia 4500003000900000008004100009020001800050040001600068080002400084100002900108245005700137260003900194300001600233650004100249650003100290650002500321650001800346942000700364999001500371952013200386IN-BaIIA211028s9999 xx 000 0 eng d a0-306-11002-4 cIIA Library a047.1:533.9bREV-12 aLeontovich, M. A.910851 0aReviews of Plasma Physicsbvol.12.c M. A.Leontovich aNew YorkbConsultants Bureauc1987 aviii, 355p. aAstronomy and Astrophysics Thesaurus aMagnetohydrodynamics91666 aPlasma physics93732 aPlasmas91898 cBK c9414d9414 00104070aBANbBANcGENd0000-00-00g1469.16l0o047.1:533.9/ REV-12p10324r2021-11-05v1469.16w0000-00-00yBKGRs. 1469.16